Helena o el Mar del verano / (Record no. 27521)

MARC details
000 -LEADER
campo de control de longitud fija 00543nam a2200205 i 4500
001 - NÚMERO DE CONTROL
campo de control 27521
003 - IDENTIFICADOR DE NÚMERO DE CONTROL
campo de control ES-MaACL
005 - FECHA Y HORA DE LA ÚLTIMA TRANSACCIÓN
campo de control 20250709210339.0
007 - CAMPO FIJO DE DESCRIPCIÓN FÍSICA--INFORMACIÓN GENERAL
campo de control de longitud fija t|
008 - DATOS DE LONGITUD FIJA--INFORMACIÓN GENERAL
campo de control de longitud fija 030114s1952 sp ||||1| spa d
100 1# - ENTRADA PRINCIPAL--NOMBRE DE PERSONA
Nombre de persona Ayesta, Julián.
9 (RLIN) 24154
245 10 - MENCIÓN DEL TÍTULO
Título Helena o el Mar del verano /
Mención de responsabilidad, etc. Julián Ayesta.
260 ## - PUBLICACIÓN, DISTRIBUCIÓN, ETC.
Lugar de publicación, distribución, etc. Madrid :
Nombre del editor, distribuidor, etc. Insula,
Fecha de publicación, distribución, etc. 1952 (
Fabricante S. Aguirre)
300 ## - DESCRIPCIÓN FÍSICA
Extensión 91 p.
490 1# - MENCIÓN DE SERIE
Mención de serie Insula
740 3# - ENTRADA AGREGADA--TÍTULO RELACIONADO/ANALÍTICO NO CONTROLADO
Título relacionado o analítico no controlado El mar del verano.
830 00 - PUNTO DE ACCESO ADICIONAL DE SERIE-TÍTULO UNIFORME
Título uniforme Ínsula
9 (RLIN) 181654
852 ## - LOCALIZACIÓN
Ubicación ES-MaACL
Número de control de estantería 1954-F-14
Sublocalización o colección R.32543
Holdings
Estatus retirado Estado de pérdida Estado de daño No para préstamo Colección Biblioteca de origen Biblioteca actual Ubicación en estantería Fecha de adquisición Fuente de adquisición Total de préstamos Signatura topográfica completa Código de barras Visto por última vez Precio de reemplazo Tipo de ítem Koha
        Colección de folletos Biblioteca del Ateneo de Madrid Biblioteca del Ateneo de Madrid Depósito folletos 17/01/2008     1954-F-14 1028419 23/02/2023 23/02/2023 Folleto